000 00899nam a2200241Ia 4500
003 OSt
005 20220923223925.0
006 a|||||r|||| 00| 0
007 ta
008 220922b |||||||| |||| 00| 0 hin d
024 _a223,381
037 _cTextual
040 _aARTS
_cARTS
_bhin
041 _2hin
_ahin
082 _aNT:(P152):gx, 152P4
100 _aशुक्ल, धीरेन्द्र, संपा.
245 0 _aहिन्दी नाट्य परिदृश्य
_b आज के सन्दर्भ में
246 _aHindī nāṭya paridṛushya: āj ke sandarbha mean
260 _aनयी दिल्ली
_b प्रकाशन संस्थान
_c2004
300 _a208पृ.
_ccm.
942 _hNT:(P152):gx, 152P4
_cTEXL
_2CC
999 _c368273
_d368273